Pasolini in salsa piccante /

Gespeichert in:
Bibliographische Detailangaben
1. Verfasser: Belpoliti, Marco
Weitere Verfasser: Mulas, Ugo
Format: Buch
Sprache:Italienisch
Veröffentlicht: Parma : Guanda, [2010]
Schriftenreihe:Le fenici rosse
Schlagworte:
Tags: Tag hinzufügen
Keine Tags, Fügen Sie das erste Tag hinzu!

MARC

LEADER 00000nam a22000007i 4500
001 IT\ICCU\UBO\3826345
003 ItRI
005 20260115232121.0
008 101115s2010 it |||||| ||||| |||||c
020 |a 9788860884299 
040 |b ita  |c importazione bologna sebina 
041 7 |a ita  |2 ISO-639-2 
082 |a 854.914  |9 SAGGISTICA ITALIANA. 1945-  |2 19 
100 1 |a Belpoliti, Marco  |0 IT\ICCU\CFIV\007264 
240 1 0 |a Pasolini in salsa piccante  |3 IT\ICCU\UBO\4575689  |9 Belpoliti, Marco 
245 1 0 |a Pasolini in salsa piccante /  |c Marco Belpoliti ; con otto fotografie di Ugo Mulas. 
260 |a Parma :  |b Guanda,  |c [2010] 
300 |a 136 p. :  |b ill. ;  |c 20 cm. 
650 7 |a Pasolini, Pier Paolo 
700 1 |a Mulas, Ugo  |0 IT\ICCU\CFIV\089566 
791 2 |a Banda Larga  |3 IT\ICCU\BVEV\268662  |y Belpoliti, Marco 
830 3 |a Le fenici rosse  |0 IT\ICCU\RAV\1254441 
942 |2 ddc  |c BK  |n 0 
952 |0 0  |1 0  |4 0  |6 DOC_853_914000000000000_BEL  |7 0  |9 20348  |a BO  |b BO  |d 2026-01-15  |i 16764  |l 0  |o DOC 853.914 BEL  |p BO16764  |r 2026-01-15 23:21:22  |w 2026-01-15  |x [Sebina 5] [1 v.]  |y BK  |z 1 v. 
999 |c 17361  |d 17361